000 00873nam a2200313 a 4500
001 22271
003 VRT
005 20260324155514.0
008 950825s1994 xo 010 1 slo c
020 _a8085680416 (viaz.)
035 _aUKB000003139
040 _aBAA001
_bslo
_cBAA001
_eAACR2
041 1 _aslo
_heng
044 _axo
_cSK
080 _a820(73)-311.4
100 1 _aVincenzi, Penny
245 0 0 _aHriešne radosti
_cPenny Vincenziová ; Z angl. orig. prel. Katarína Steskálová
_n1
250 _a1. vyd.
260 _aBratislava
_bINA
_c1994
300 _a375 s.
650 0 7 _aliteratúra americká
650 0 7 _aromány spoločenské
653 _a820(73)-311.4
700 1 _aSteskálová, Katarína
_4trl
910 _aukb
942 _2ddc
_cKLDO
_n0
949 _63139-20
_aSL.D.21256
_bPV.2326-95
949 _61800146330
_a30.D.61016
_bPV.2325-95
999 _c22271
_d22271